[Event "FIDE-Online-Steinitz-Memorial-Women"]
[White "Sebag, Marie"]
[Black "Paehtz, Elisabeth"]
[Site "Internet"]
[Round "16"]
[Annotator "RC"]
[Result "1-0"]
[Date "2020.05.17"]
[WhiteElo "2482"]
[BlackElo "2396"]
[PlyCount "103"]
[TimeControl "180+2"]

1. e4 c5 2. Nf3 {[%emt 0:0:4]} d6 {[%emt 0:0:3]} 3. Bb5+ {[%emt 0:0:2]} Nd7 {[%emt 0:0:3]} 4. 0-0 {[%emt 0:0:1]} a6 {[%emt 0:0:1]} 5. Bd3 {[%emt 0:0:1]
} Ngf6 {[%emt 0:0:2]} 6. c3 {[%emt 0:0:8]} Ne5 {[%emt 0:0:0]} 7. Be2 {[%emt 0:0:14]} Nxf3+ {[%emt 0:0:3]} 8. Bxf3 {[%emt 0:0:2]} g6 {[%emt 0:0:3]} 9. d4 {[%emt 0:0:1]} Bg7 {[%emt 0:0:2]} 10. dxc5 {[%emt 0:0:0]} dxc5 {[%emt 0:0:1]} 11. Qxd8+ {[%emt 0:0:2]} Kxd8 {[%emt 0:0:0]} 12. Rd1+ {[%emt 0:0:2]} Nd7 {[%emt 0:0:2]} 13. Be3 {[%emt 0:0:2]} Kc7 {[%emt 0:0:2]
} 14. Nd2 {[%emt 0:0:2]} b6 {[%emt 0:0:13]} 15. a4 {[%emt 0:0:0]} Bb7 {[%emt 0:0:3]} 16. Be2 {[%emt 0:0:3]} Rhd8 {[%emt 0:0:12]} 17. f3 {[%emt 0:0:5]} Ne5 {[%emt 0:0:2]} 18. a5 {[%emt 0:0:5]} Nd3 {[%emt 0:0:0]} 19. axb6+ {[%emt 0:0:4]} Kc6 {[%emt 0:0:4]} 20. Nc4 {[%emt 0:0:13]
} Ne5 {[%emt 0:0:2]} 21. Rxd8 {[%emt 0:0:7]} Rxd8 {[%emt 0:0:5]} 22. Na5+ {[%emt 0:0:3]} Kxb6 {[%emt 0:0:1]} 23. Nxb7 {[%emt 0:0:1]} Kxb7 {[%emt 0:0:0]} 24. Bxa6+ {[%emt 0:0:10]} Kc6 {[%emt 0:0:2]} 25. Be2 {[%emt 0:0:8]
} Nd3 {[%emt 0:0:2]} 26. Rd1 {[%emt 0:0:11]} c4 {[%emt 0:0:4]} 27. Kf1 {[%emt 0:0:34]
} Rd6 {[%emt 0:0:4]} 28. Bxd3 {[%emt 0:0:2]} cxd3 {[%emt 0:0:0]} 29. Ke1 {[%emt 0:0:3]} f5 {[%emt 0:0:2]} 30. Kd2 {[%emt 0:0:4]} fxe4 {[%emt 0:0:3]} 31. fxe4 {[%emt 0:0:1]} Be5 {[%emt 0:0:0]} 32. g3 {[%emt 0:0:5]
} Kb5 {[%emt 0:0:4]} 33. b3 {[%emt 0:0:23]} Rc6 {[%emt 0:0:0]} 34. Bd4 {[%emt 0:0:16]} Bxd4 {[%emt 0:0:2]} 35. cxd4 {[%emt 0:0:1]} Kb4 {[%emt 0:0:1]} 36. Kxd3 {[%emt 0:0:3]} Rc3+ {[%emt 0:0:7]} 37. Ke2 {[%emt 0:0:1]
} Rxb3 {[%emt 0:0:6]} 38. Rc1 {[%emt 0:0:4]} Rb2+ {[%emt 0:0:0]} 39. Ke3 {[%emt 0:0:2]} Rxh2 {[%emt 0:0:4]} 40. Rc7 {[%emt 0:0:1]} Rg2 {[%emt 0:0:8]} 41. Kf3 {[%emt 0:0:4]} Rd2 {[%emt 0:0:2]} 42. d5 {[%emt 0:0:1]
} Rd3+ {[%emt 0:0:8]} 43. Kf4 {[%emt 0:0:2]} g5+ {[%emt 0:0:0]} 44. Kxg5 {[%emt 0:0:3]} Rxg3+ {[%emt 0:0:2]} 45. Kf4 {[%emt 0:0:2]} Rg7 {[%emt 0:0:3]} 46. d6 {[%emt 0:0:1]} Rf7+ {[%emt 0:0:4]} 47. Kg5 {[%emt 0:0:6]
} Rg7+ {[%emt 0:0:4]} 48. Kh5 {[%emt 0:0:5]} Rg6 {[%emt 0:0:0]} 49. dxe7 {[%emt 0:0:9]} Re6 {[%emt 0:0:2]} 50. Kg5 {[%emt 0:0:0]} Rxe4 {[%emt 0:0:8]} 51. Kf6 {[%emt 0:0:1]} h5 {[%emt 0:0:2]} 52. Rc8 {[%emt 0:0:3]
} 1-0

[Event "FIDE-Online-Steinitz-Memorial-Women"]
[White "Abdumalik, Zhansaya"]
[Black "Lei, Tingjie"]
[Site "Internet"]
[Round "16"]
[Annotator "RC"]
[Result "1/2-1/2"]
[Date "2020.05.17"]
[WhiteElo "2409"]
[BlackElo "2530"]
[PlyCount "130"]
[TimeControl "180+2"]

1. e4 c5 2. Nf3 {[%emt 0:0:4]} d6 {[%emt 0:0:3]} 3. d4 {[%emt 0:0:2]} cxd4 {[%emt 0:0:1]} 4. Nxd4 {[%emt 0:0:1]} Nf6 {[%emt 0:0:1]} 5. Nc3 {[%emt 0:0:1]
} a6 {[%emt 0:0:1]} 6. g3 {[%emt 0:0:1]} g6 {[%emt 0:0:2]} 7. Bg2 {[%emt 0:0:2]} Bg7 {[%emt 0:0:1]} 8. 0-0 {[%emt 0:0:2]} 0-0 {[%emt 0:0:1]
} 9. h3 {[%emt 0:0:2]} Qc7 {[%emt 0:0:2]} 10. a4 {[%emt 0:0:0]} Nc6 {[%emt 0:0:2]} 11. Nde2 {[%emt 0:0:6]} b6 {[%emt 0:0:8]} 12. g4 {[%emt 0:0:8]} Bb7 {[%emt 0:0:4]} 13. Ng3 {[%emt 0:0:2]} Ne5 {[%emt 0:0:0]} 14. g5 {[%emt 0:0:15]} Nfd7 {[%emt 0:0:1]} 15. Nd5 {[%emt 0:0:1]} Qd8 {[%emt 0:0:6]} 16. Rb1 {[%emt 0:0:16]} e6 {[%emt 0:0:32]} 17. Ne3 {[%emt 0:0:0]} Nc5 {[%emt 0:0:1]} 18. f4 {[%emt 0:0:8]} Nc6 {[%emt 0:0:4]} 19. c3 {[%emt 0:0:5]} a5 {[%emt 0:0:9]} 20. Ng4 {[%emt 0:0:10]} Ba6 {[%emt 0:0:0]} 21. Rf3 {[%emt 0:0:2]} d5 {[%emt 0:0:46]} 22. e5 {[%emt 0:0:14]} Ne4 {[%emt 0:0:10]} 23. Nf6+ {[%emt 0:0:7]} Kh8 {[%emt 0:0:15]} 24. Be3 {[%emt 0:0:12]
} Ne7 {[%emt 0:0:6]} 25. h4 {[%emt 0:0:19]} Nxg3 {[%emt 0:0:0]} 26. Rxg3 {[%emt 0:0:2]} Bxf6 {[%emt 0:0:9]} 27. exf6 {[%emt 0:0:20]} Nf5 {[%emt 0:0:1]} 28. Rh3 {[%emt 0:0:1]} h5 {[%emt 0:0:6]} 29. Bd4 {[%emt 0:0:14]
} Qc7 {[%emt 0:0:8]} 30. Be5 {[%emt 0:0:20]} Qc5+ {[%emt 0:0:0]} 31. Kh1 {[%emt 0:0:3]} Ne3 {[%emt 0:0:6]} 32. Qd4 {[%emt 0:0:2]} Nxg2 {[%emt 0:0:3]} 33. Kxg2 {[%emt 0:0:1]} Rfc8 {[%emt 0:0:2]} 34. Rd1 {[%emt 0:0:8]
} b5 {[%emt 0:0:4]} 35. axb5 {[%emt 0:0:8]} Qxb5 {[%emt 0:0:0]} 36. Qf2 {[%emt 0:0:3]} Rc4 {[%emt 0:0:3]} 37. Rhh1 {[%emt 0:0:4]} Bb7 {[%emt 0:0:7]} 38. Bd4 {[%emt 0:0:1]} Bc6 {[%emt 0:0:2]} 39. Rd2 {[%emt 0:0:2]
} Rb8 {[%emt 0:0:1]} 40. Re1 {[%emt 0:0:3]} Ra4 {[%emt 0:0:0]} 41. Kg3 {[%emt 0:0:4]} Ra2 {[%emt 0:0:2]} 42. Ree2 {[%emt 0:0:3]} Qc4 {[%emt 0:0:3]} 43. Qe3 {[%emt 0:0:3]} a4 {[%emt 0:0:2]} 44. Kh3 {[%emt 0:0:4]
} Ra1 {[%emt 0:0:4]} 45. Re1 {[%emt 0:0:2]} Rxe1 {[%emt 0:0:0]} 46. Qxe1 {[%emt 0:0:1]} Qa2 {[%emt 0:0:2]} 47. Qf2 {[%emt 0:0:2]} Qc4 {[%emt 0:0:1]} 48. Qe1 {[%emt 0:0:2]} Ra8 {[%emt 0:0:3]} 49. Kg3 {[%emt 0:0:2]
} a3 {[%emt 0:0:1]} 50. bxa3 {[%emt 0:0:1]} Rxa3 {[%emt 0:0:0]} 51. Kh2 {[%emt 0:0:4]} Bb5 {[%emt 0:0:6]} 52. Qc1 {[%emt 0:0:3]} Ra2 {[%emt 0:0:3]} 53. Rxa2 {[%emt 0:0:3]} Qxa2+ {[%emt 0:0:2]} 54. Kh3 {[%emt 0:0:2]
} Bd3 {[%emt 0:0:5]} 55. Qe1 {[%emt 0:0:6]} Be4 {[%emt 0:0:0]} 56. Qf2 {[%emt 0:0:2]} Qb1 {[%emt 0:0:1]} 57. Qg1 {[%emt 0:0:1]} Qd3+ {[%emt 0:0:2]} 58. Kh2 {[%emt 0:0:2]} Qe2+ {[%emt 0:0:2]} 59. Qf2 {[%emt 0:0:1]
} Qd1 {[%emt 0:0:1]} 60. Qg1 {[%emt 0:0:1]} Qf3 {[%emt 0:0:0]} 61. Qf2 {[%emt 0:0:2]} Qh1+ {[%emt 0:0:2]} 62. Kg3 {[%emt 0:0:1]} Qc1 {[%emt 0:0:1]} 63. Kh2 {[%emt 0:0:1]} Qd1 {[%emt 0:0:2]} 64. Kg3 {[%emt 0:0:2]
} Qg4+ {[%emt 0:0:3]} 65. Kh2 {[%emt 0:0:1]} Qd1 {[%emt 0:0:0]} 1/2-1/2

[Event "FIDE-Online-Steinitz-Memorial-Women"]
[White "Cori T., Deysi"]
[Black "Khademalsharieh, Sarasadat"]
[Site "Internet"]
[Round "16"]
[Annotator "RC"]
[Result "0-1"]
[Date "2020.05.17"]
[WhiteElo "2391"]
[BlackElo "2431"]
[PlyCount "78"]
[TimeControl "180+2"]

1. d4 Nf6 2. Nf3 {[%emt 0:0:4]} d5 {[%emt 0:0:5]} 3. c4 {[%emt 0:0:2]} e6 {[%emt 0:0:2]} 4. e3 {[%emt 0:0:3]} a6 {[%emt 0:0:2]} 5. Nbd2 {[%emt 0:0:0]} c5 {[%emt 0:0:3]} 6. cxd5 {[%emt 0:0:3]} Nxd5 {[%emt 0:0:1]} 7. Be2 {[%emt 0:0:7]} Nc6 {[%emt 0:0:1]} 8. 0-0 {[%emt 0:0:2]} cxd4 {[%emt 0:0:1]
} 9. exd4 {[%emt 0:0:1]} Be7 {[%emt 0:0:3]} 10. Ne4 {[%emt 0:0:0]} 0-0 {[%emt 0:0:2]} 11. a3 {[%emt 0:0:1]} b6 {[%emt 0:0:6]} 12. Qb3 {[%emt 0:0:21]} Bb7 {[%emt 0:0:6]} 13. Rd1 {[%emt 0:0:8]} Rc8 {[%emt 0:0:2]
} 14. Qa2 {[%emt 0:0:6]} Bf6 {[%emt 0:0:9]} 15. Nxf6+ {[%emt 0:0:11]
} Qxf6 {[%emt 0:0:2]} 16. Bg5 {[%emt 0:0:6]} Qg6 {[%emt 0:0:0]} 17. Qb1 {[%emt 0:0:25]} f5 {[%emt 0:0:36]} 18. Qd3 {[%emt 0:0:41]} h6 {[%emt 0:0:2]
} 19. Bd2 {[%emt 0:0:2]} Rfd8 {[%emt 0:0:19]} 20. Rac1 {[%emt 0:0:1]
} Qf6 {[%emt 0:0:5]} 21. Qb3 {[%emt 0:0:29]} b5 {[%emt 0:0:0]} 22. h3 {[%emt 0:0:12]} Nb6 {[%emt 0:0:5]} 23. Bc3 {[%emt 0:0:8]} Nd5 {[%emt 0:0:2]} 24. Bd2 {[%emt 0:0:3]} Rc7 {[%emt 0:0:10]} 25. Qa2 {[%emt 0:0:10]
} Rcd7 {[%emt 0:0:2]} 26. Qb1 {[%emt 0:0:3]} Nb6 {[%emt 0:0:0]} 27. Be3 {[%emt 0:0:2]} f4 {[%emt 0:0:9]} 28. Bd2 {[%emt 0:0:1]} Nxd4 {[%emt 0:0:1]} 29. Nxd4 {[%emt 0:0:2]} Rxd4 {[%emt 0:0:4]} 30. Bc3 {[%emt 0:0:1]
} Qg5 {[%emt 0:0:4]} 31. f3 {[%emt 0:0:5]} Rxd1+ {[%emt 0:0:0]} 32. Rxd1 {[%emt 0:0:1]} Nd5 {[%emt 0:0:4]} 33. Ba5 {[%emt 0:0:2]} Re8 {[%emt 0:0:3]} 34. Bb6 {[%emt 0:0:3]} Nxb6 {[%emt 0:0:6]} 35. Rd6 {[%emt 0:0:3]
} Nd5 {[%emt 0:0:2]} 36. Rd7 {[%emt 0:0:4]} Ne3 {[%emt 0:0:0]} 37. Bf1 {[%emt 0:0:3]} Bxf3 {[%emt 0:0:2]} 38. h4 {[%emt 0:0:6]} Qg3 {[%emt 0:0:3]} 39. Qd3 {[%emt 0:0:6]} Bxg2 {[%emt 0:0:4]} 0-1

[Event "FIDE-Online-Steinitz-Memorial-Women"]
[White "Lagno, Kateryna"]
[Black "Kosteniuk, Alexandra"]
[Site "Internet"]
[Round "17"]
[Annotator "TA"]
[Result "1/2-1/2"]
[Date "2020.05.17"]
[WhiteElo "2608"]
[BlackElo "2521"]
[PlyCount "63"]

1. e4 {} c5 2. Nf3 Nc6 3. Bb5 Nf6 4. e5 Nd5 5. Nc3 Nc7 6. Bxc6 dxc6 7. d3 {B30: Sicilian: 2...Nc6 3 Bb5, lines without ...g6.} g6 8. 0-0 Bg7 9. a4 {[#]} b6 $146 ({Predecessor:} 9... 0-0 10. Re1 Bg4 11. h3 Bxf3 12. Qxf3 Ne6 13. Re4 Nd4 14. Qd1 Qd7 15. Ne2 Ne6 16. Nf4 Rad8 17. Nxe6 Qxe6 18. Qe2 {1/2-1/2 (42)
Braunschlaeger,C (2232)-Michiels,B (2302) Bad Wildbad 2003} )10. a5 Rb8 11. axb6 axb6 12. h3 0-0 13. Bf4 Ne6 14. Bg3 b5 15. Ne4 Qb6 16. b3 Bd7 17. Qe2 Ra8 18. Qe3 Nd4 19. Nxd4 cxd4 20. Qg5 f6 21. exf6 exf6 22. Qc5 Qxc5 23. Nxc5 Bf5 {
[#]} 24. b4 (24. Bd6 $1 $16 )Rfe8 $14 25. Bf4 ({Better is} 25. Bd6 $14 )g5 26. Bd2 Rxa1 27. Rxa1 Re2 (27... Bf8 $11 )28. Rd1 (28. Nb3 $16 )Bf8 {[#]} (28... Re8 $11 )29. Kf1 (29. Nb3 $1 $16 )Re5 {The position is
equal.} 30. Re1 Rxe1+ 31. Kxe1 Bxc5 32. bxc5 {Accuracy: White = 71%, Black =
62%.} 1/2-1/2

[Event "FIDE-Online-Steinitz-Memorial-Women"]
[White "Lei, Tingjie"]
[Black "Cori T., Deysi"]
[Site "Internet"]
[Round "17"]
[Annotator "TA"]
[Result "1-0"]
[Date "2020.05.17"]
[WhiteElo "2530"]
[BlackElo "2391"]
[PlyCount "61"]

1. e4 {} d5 2. exd5 Qxd5 3. Nc3 Qd6 4. d4 Nf6 5. Nf3 a6 6. g3 Bg4 7. h3 {B01: Scandinavian Defence.} Bh5 8. Bg2 Nc6 9. 0-0 {White is slightly better.} 0-0-0 10. Bf4 Qb4 {} 11. g4 Bg6 {} 12. a3 $36 { White is more active.} Qxb2 {
[#]} 13. Qe1 $1 e6 {[#]} 14. Ne5 $1 Nd5 $1 {} 15. Nxd5 exd5 16. Nxc6 bxc6 17. Bg5 f6 $2 {[#]} (17... Bd6 $1 $14 )18. Rb1 $146 ({Predecessor:} 18. Qe6+ Rd7 19. Rab1 Qxc2 20. Bf4 Bd6 21. Bxd6 Re8 22. Rb8+ Kxb8 23. Qxd7 cxd6 24. h4 {1/2-1/2 (44) Xu,Y (2526)-Laylo,D (2433) Xingtai 2019} )Qxd4 $2 {
 Now Black is done in.} (18... Qxc2 $16 19. Qe6+ Rd7 )19. Qe6+ $18 {
 Double Attack} Rd7 {Hoping for ...Bd6.} 20. Qxc6 (20. Be3 $142 Qxe3 21. fxe3 )Rd6 21. Qa8+ Kd7 22. Be3 Qc4 23. Rb8 {Strongly threatening Re1.
} h5 (23... Qc6 $142 24. Qa7 Be4 )24. Rxf8 Rxf8 25. Qxf8 Bxc2 26. Qxg7+ Kc6 27. Rc1 Kb7 28. Bf1 Qb3 29. Bf4 Rc6 30. Bg2 Qxa3 31. Bxd5 {Accuracy: White = 71%,
Black = 48%.} 1-0

[Event "FIDE-Online-Steinitz-Memorial-Women"]
[White "Tan, Zhongyi"]
[Black "Abdumalik, Zhansaya"]
[Site "Internet"]
[Round "17"]
[Annotator "RC"]
[Result "1-0"]
[Date "2020.05.17"]
[WhiteElo "2510"]
[BlackElo "2409"]
[PlyCount "147"]
[TimeControl "180+2"]

1. d4 Nf6 2. c4 {[%emt 0:0:4]} g6 {[%emt 0:0:4]} 3. Nc3 {[%emt 0:0:1]} d5 {[%emt 0:0:3]} 4. cxd5 {[%emt 0:0:2]} Nxd5 {[%emt 0:0:1]} 5. g3 {[%emt 0:0:0]} Bg7 {[%emt 0:0:4]} 6. Bg2 {[%emt 0:0:1]} Nb6 {[%emt 0:0:1]} 7. Nf3 {[%emt 0:0:2]} 0-0 {[%emt 0:0:4]} 8. 0-0 {[%emt 0:0:2]} N8d7 {[%emt 0:0:4]
} 9. e4 {[%emt 0:0:4]} e5 {[%emt 0:0:4]} 10. d5 {[%emt 0:0:0]} Nc4 {[%emt 0:0:7]} 11. b3 {[%emt 0:0:3]} Nd6 {[%emt 0:0:1]} 12. Ba3 {[%emt 0:0:2]} a6 {[%emt 0:0:4]} 13. Nd2 {[%emt 0:0:2]} f5 {[%emt 0:0:0]} 14. Nc4 {[%emt 0:0:3]} Qf6 {[%emt 0:0:3]} 15. Nxd6 {[%emt 0:0:5]} cxd6 {[%emt 0:0:2]} 16. Rc1 {[%emt 0:0:2]} f4 {[%emt 0:0:12]} 17. Na4 {[%emt 0:0:15]
} Rb8 {[%emt 0:0:22]} 18. Rc7 {[%emt 0:0:3]} b5 {[%emt 0:0:0]} 19. Bh3 {[%emt 0:0:7]} Rd8 {[%emt 0:0:12]} 20. Rc6 {[%emt 0:0:15]} bxa4 {[%emt 0:0:21]} 21. Bxd6 {[%emt 0:0:8]} Bb7 {[%emt 0:0:9]} 22. Bxb8 {[%emt 0:0:14]
} Bxc6 {[%emt 0:0:4]} 23. dxc6 {[%emt 0:0:1]} Qxc6 {[%emt 0:0:0]} 24. Qd6 {[%emt 0:0:24]} Qxd6 {[%emt 0:0:20]} 25. Bxd6 {[%emt 0:0:0]
} axb3 {[%emt 0:0:4]} 26. Be6+ {[%emt 0:0:8]} Kh8 {[%emt 0:0:2]} 27. Bxb3 {[%emt 0:0:2]} Nb8 {[%emt 0:0:7]} 28. Be7 {[%emt 0:0:13]} Re8 {[%emt 0:0:0]} 29. Rc1 {[%emt 0:0:6]} Nd7 {[%emt 0:0:12]} 30. Bd6 {[%emt 0:0:6]} fxg3 {[%emt 0:0:9]} 31. hxg3 {[%emt 0:0:0]} Nf6 {[%emt 0:0:4]} 32. f3 {[%emt 0:0:5]
} Nh5 {[%emt 0:0:12]} 33. Kg2 {[%emt 0:0:7]} Rd8 {[%emt 0:0:0]} 34. Rc6 {[%emt 0:0:3]} a5 {[%emt 0:0:9]} 35. Ra6 {[%emt 0:0:2]} h6 {[%emt 0:0:6]
} 36. Bd5 {[%emt 0:0:4]} Nf6 {[%emt 0:0:3]} 37. Bb3 {[%emt 0:0:0]} Ne8 {[%emt 0:0:2]} 38. Bc5 {[%emt 0:0:3]} Rd2+ {[%emt 0:0:2]} 39. Kf1 {[%emt 0:0:1]} Nf6 {[%emt 0:0:3]} 40. Rxa5 {[%emt 0:0:4]} g5 {[%emt 0:0:1]
} 41. g4 {[%emt 0:0:2]} h5 {[%emt 0:0:2]} 42. Be6 {[%emt 0:0:0]} hxg4 {[%emt 0:0:1]} 43. fxg4 {[%emt 0:0:1]} Kh7 {[%emt 0:0:3]} 44. Bf5+ {[%emt 0:0:2]} Kh6 {[%emt 0:0:1]} 45. Ra6 {[%emt 0:0:3]} Rd1+ {[%emt 0:0:4]
} 46. Ke2 {[%emt 0:0:1]} Ra1 {[%emt 0:0:14]} 47. Be7 {[%emt 0:0:0]} Bh8 {[%emt 0:0:5]} 48. Bxf6 {[%emt 0:0:3]} Bxf6 {[%emt 0:0:0]} 49. Rxf6+ {[%emt 0:0:2]} Kg7 {[%emt 0:0:0]} 50. Ra6 {[%emt 0:0:1]} Kf7 {[%emt 0:0:1]
} 51. Kd3 {[%emt 0:0:1]} Rc1 {[%emt 0:0:2]} 52. a4 {[%emt 0:0:0]} Ke7 {[%emt 0:0:1]} 53. a5 {[%emt 0:0:1]} Kd8 {[%emt 0:0:2]} 54. Rd6+ {[%emt 0:0:2]} Kc7 {[%emt 0:0:1]} 55. Re6 {[%emt 0:0:1]} Rd1+ {[%emt 0:0:2]
} 56. Kc4 {[%emt 0:0:2]} Rc1+ {[%emt 0:0:2]} 57. Kd5 {[%emt 0:0:1]
} Ra1 {[%emt 0:0:1]} 58. a6 {[%emt 0:0:2]} Ra5+ {[%emt 0:0:0]} 59. Kc4 {[%emt 0:0:1]} Kb8 {[%emt 0:0:3]} 60. Kb4 {[%emt 0:0:2]} Ra1 {[%emt 0:0:2]} 61. Kb5 {[%emt 0:0:4]} Rb1+ {[%emt 0:0:2]} 62. Kc6 {[%emt 0:0:1]
} Rd1 {[%emt 0:0:1]} 63. Rxe5 {[%emt 0:0:2]} Ka7 {[%emt 0:0:0]} 64. Bc8 {[%emt 0:0:11]} Rc1+ {[%emt 0:0:2]} 65. Kd7 {[%emt 0:0:2]} Re1 {[%emt 0:0:1]} 66. Bb7 {[%emt 0:0:5]} Rg1 {[%emt 0:0:3]} 67. Rxg5 {[%emt 0:0:3]
} Rd1+ {[%emt 0:0:0]} 68. Ke7 {[%emt 0:0:2]} Re1 {[%emt 0:0:0]} 69. e5 {[%emt 0:0:1]} Rh1 {[%emt 0:0:3]} 70. e6 {[%emt 0:0:2]} Rh7+ {[%emt 0:0:1]} 71. Kf6 {[%emt 0:0:1]} Rh6+ {[%emt 0:0:1]} 72. Rg6 {[%emt 0:0:1]
} Rh2 {[%emt 0:0:2]} 73. e7 {[%emt 0:0:2]} Re2 {[%emt 0:0:0]} 74. Kf7 {[%emt 0:0:1]} 1-0

[Event "FIDE-Online-Steinitz-Memorial-Women"]
[White "Stefanova, Antoaneta"]
[Black "Sebag, Marie"]
[Site "Internet"]
[Round "17"]
[Annotator "RC"]
[Result "1/2-1/2"]
[Date "2020.05.17"]
[WhiteElo "2485"]
[BlackElo "2482"]
[PlyCount "132"]
[TimeControl "180+2"]

1. Nf3 d5 2. g3 {[%emt 0:0:4]} Nf6 {[%emt 0:0:6]} 3. Bg2 {[%emt 0:0:2]} g6 {[%emt 0:0:9]} 4. 0-0 {[%emt 0:0:3]} Bg7 {[%emt 0:0:1]} 5. d4 {[%emt 0:0:1]
} 0-0 {[%emt 0:0:2]} 6. Bf4 {[%emt 0:0:1]} c6 {[%emt 0:0:5]
} 7. Qc1 {[%emt 0:0:3]} Bf5 {[%emt 0:0:5]} 8. c4 {[%emt 0:0:4]} Nbd7 {[%emt 0:0:1]
} 9. Rd1 {[%emt 0:0:12]} Ne4 {[%emt 0:0:17]} 10. h3 {[%emt 0:0:0]} Qb6 {[%emt 0:0:12]} 11. c5 {[%emt 0:0:36]} Qa6 {[%emt 0:0:12]} 12. Bf1 {[%emt 0:0:1]} b6 {[%emt 0:0:1]} 13. b4 {[%emt 0:0:5]} bxc5 {[%emt 0:0:0]} 14. bxc5 {[%emt 0:0:2]} Ndxc5 {[%emt 0:0:6]} 15. e3 {[%emt 0:0:11]
} Qb7 {[%emt 0:0:11]} 16. g4 {[%emt 0:0:7]} Be6 {[%emt 0:0:10]} 17. Be5 {[%emt 0:0:9]
} Nd7 {[%emt 0:0:5]} 18. Bxg7 {[%emt 0:0:2]} Kxg7 {[%emt 0:0:0]} 19. Nc3 {[%emt 0:0:4]} c5 {[%emt 0:0:11]} 20. Nxe4 {[%emt 0:0:4]} dxe4 {[%emt 0:0:6]} 21. dxc5 {[%emt 0:0:11]} Rac8 {[%emt 0:0:20]} 22. Qc3+ {[%emt 0:0:4]} Kg8 {[%emt 0:0:3]} 23. Nd4 {[%emt 0:0:15]} Nxc5 {[%emt 0:0:0]} 24. Qa3 {[%emt 0:0:6]} Rc7 {[%emt 0:0:12]} 25. Rab1 {[%emt 0:0:6]} Qa8 {[%emt 0:0:13]} 26. Nb5 {[%emt 0:0:4]} Rcc8 {[%emt 0:0:3]} 27. Rdc1 {[%emt 0:0:9]
} Nd3 {[%emt 0:0:4]} 28. Nc7 {[%emt 0:0:6]} Rxc7 {[%emt 0:0:0]} 29. Rxc7 {[%emt 0:0:2]} Ne5 {[%emt 0:0:2]} 30. Qxe7 {[%emt 0:0:11]} Nf3+ {[%emt 0:0:1]} 31. Kh1 {[%emt 0:0:6]} Qd5 {[%emt 0:0:2]} 32. Bg2 {[%emt 0:0:7]
} h5 {[%emt 0:0:3]} 33. Bxf3 {[%emt 0:0:4]} exf3 {[%emt 0:0:0]} 34. Qh4 {[%emt 0:0:3]} hxg4 {[%emt 0:0:3]} 35. hxg4 {[%emt 0:0:10]} Kg7 {[%emt 0:0:1]} 36. Kg1 {[%emt 0:0:2]} Rh8 {[%emt 0:0:5]} 37. Qg3 {[%emt 0:0:1]
} Qg5 {[%emt 0:0:2]} 38. Rb4 {[%emt 0:0:5]} Qd5 {[%emt 0:0:0]} 39. Rd4 {[%emt 0:0:3]} Qxa2 {[%emt 0:0:2]} 40. Qe5+ {[%emt 0:0:1]} Kh7 {[%emt 0:0:2]} 41. Qh2+ {[%emt 0:0:2]} Kg7 {[%emt 0:0:2]} 42. Qe5+ {[%emt 0:0:1]
} Kh7 {[%emt 0:0:1]} 43. g5 {[%emt 0:0:2]} Qb1+ {[%emt 0:0:0]} 44. Kh2 {[%emt 0:0:2]} Kg8+ {[%emt 0:0:2]} 45. Kg3 {[%emt 0:0:3]} Rh3+ {[%emt 0:0:10]} 46. Kf4 {[%emt 0:0:1]} Rh4+ {[%emt 0:0:1]} 47. Kxf3 {[%emt 0:0:8]
} Rh3+ {[%emt 0:0:8]} 48. Kf4 {[%emt 0:0:2]} Rh4+ {[%emt 0:0:0]} 49. Kf3 {[%emt 0:0:1]} Rh3+ {[%emt 0:0:1]} 50. Kf4 {[%emt 0:0:12]} Kh7 {[%emt 0:0:2]} 51. Qxe6 {[%emt 0:0:5]} Rh4+ {[%emt 0:0:3]} 52. Ke5 {[%emt 0:0:3]
} Qb5+ {[%emt 0:0:2]} 53. Rd5 {[%emt 0:0:2]} Qb2+ {[%emt 0:0:0]} 54. Kd6 {[%emt 0:0:3]} Qb6+ {[%emt 0:0:3]} 55. Rc6 {[%emt 0:0:1]} Qb4+ {[%emt 0:0:5]} 56. Rdc5 {[%emt 0:0:4]} fxe6 {[%emt 0:0:0]} 57. Rc7+ {[%emt 0:0:1]} Kg8 {[%emt 0:0:2]} 58. Rc8+ {[%emt 0:0:1]} Kf7 {[%emt 0:0:0]} 59. R8c7+ {[%emt 0:0:1]} Ke8 {[%emt 0:0:1]} 60. Rc8+ {[%emt 0:0:0]} Kf7 {[%emt 0:0:1]} 61. R8c7+ {[%emt 0:0:1]} Kg8 {[%emt 0:0:1]} 62. Rc8+ {[%emt 0:0:0]} Kh7 {[%emt 0:0:1]} 63. R8c7+ {[%emt 0:0:1]} Kh8 {[%emt 0:0:0]
} 64. Rc8+ {[%emt 0:0:1]} Kg7 {[%emt 0:0:1]} 65. R8c7+ {[%emt 0:0:1]
} Kf8 {[%emt 0:0:1]} 66. Rc8+ {[%emt 0:0:1]} Kf7 {[%emt 0:0:0]} 1/2-1/2

[Event "FIDE-Online-Steinitz-Memorial-Women"]
[White "Khademalsharieh, Sarasadat"]
[Black "Paehtz, Elisabeth"]
[Site "Internet"]
[Round "17"]
[Annotator "RC"]
[Result "0-1"]
[Date "2020.05.17"]
[WhiteElo "2431"]
[BlackElo "2396"]
[PlyCount "150"]
[TimeControl "180+2"]

1. Nf3 Nf6 2. c4 {[%emt 0:0:6]} g6 {[%emt 0:0:5]} 3. d4 {[%emt 0:0:2]} Bg7 {[%emt 0:0:1]} 4. g3 {[%emt 0:0:1]} 0-0 {[%emt 0:0:1]} 5. Bg2 {[%emt 0:0:1]
} d6 {[%emt 0:0:1]} 6. 0-0 {[%emt 0:0:1]} Nc6 {[%emt 0:0:1]
} 7. Nc3 {[%emt 0:0:0]} e5 {[%emt 0:0:1]} 8. dxe5 {[%emt 0:0:3]} dxe5 {[%emt 0:0:1]
} 9. Bg5 {[%emt 0:0:4]} Be6 {[%emt 0:0:2]} 10. Qa4 {[%emt 0:0:0]} Qc8 {[%emt 0:0:4]} 11. Nd2 {[%emt 0:0:2]} Nd7 {[%emt 0:0:8]} 12. Qc2 {[%emt 0:0:16]} f6 {[%emt 0:0:3]} 13. Be3 {[%emt 0:0:2]} f5 {[%emt 0:0:0]} 14. Nd5 {[%emt 0:0:18]} Kh8 {[%emt 0:0:7]} 15. Nb3 {[%emt 0:0:7]} e4 {[%emt 0:0:14]} 16. Rad1 {[%emt 0:0:12]} Nde5 {[%emt 0:0:3]} 17. Nc5 {[%emt 0:0:6]
} Bg8 {[%emt 0:0:1]} 18. h3 {[%emt 0:0:5]} b6 {[%emt 0:0:3]
} 19. Nb3 {[%emt 0:0:9]} a5 {[%emt 0:0:8]} 20. f3 {[%emt 0:0:5]} exf3 {[%emt 0:0:10]
} 21. exf3 {[%emt 0:0:3]} Bxd5 {[%emt 0:0:13]} 22. cxd5 {[%emt 0:0:3]
} Nb4 {[%emt 0:0:1]} 23. Qb1 {[%emt 0:0:3]} Nc4 {[%emt 0:0:0]} 24. Bd4 {[%emt 0:0:24]} Qd7 {[%emt 0:0:2]} 25. Qc1 {[%emt 0:0:5]} Bxd4+ {[%emt 0:0:12]} 26. Rxd4 {[%emt 0:0:2]} Nd6 {[%emt 0:0:9]} 27. a3 {[%emt 0:0:11]
} Na6 {[%emt 0:0:2]} 28. Rfd1 {[%emt 0:0:4]} Rae8 {[%emt 0:0:0]} 29. Qc3 {[%emt 0:0:1]} Nb5 {[%emt 0:0:7]} 30. Qd3 {[%emt 0:0:6]} Nxd4 {[%emt 0:0:2]} 31. Nxd4 {[%emt 0:0:1]} Nc5 {[%emt 0:0:7]} 32. Qc3 {[%emt 0:0:1]
} Na4 {[%emt 0:0:11]} 33. Qc2 {[%emt 0:0:5]} Nc5 {[%emt 0:0:0]} 34. b4 {[%emt 0:0:2]} axb4 {[%emt 0:0:2]} 35. axb4 {[%emt 0:0:4]} Nb7 {[%emt 0:0:3]} 36. Ne6 {[%emt 0:0:4]} Rf7 {[%emt 0:0:8]} 37. Qc3+ {[%emt 0:0:7]
} Kg8 {[%emt 0:0:1]} 38. Bf1 {[%emt 0:0:3]} Nd6 {[%emt 0:0:0]} 39. h4 {[%emt 0:0:2]} Rxe6 {[%emt 0:0:4]} 40. dxe6 {[%emt 0:0:1]} Qxe6 {[%emt 0:0:1]} 41. Re1 {[%emt 0:0:3]} Qf6 {[%emt 0:0:4]} 42. Qxf6 {[%emt 0:0:27]
} Rxf6 {[%emt 0:0:2]} 43. Rc1 {[%emt 0:0:2]} Rf7 {[%emt 0:0:0]} 44. Bd3 {[%emt 0:0:3]} Re7 {[%emt 0:0:3]} 45. Kf2 {[%emt 0:0:1]} Kg7 {[%emt 0:0:1]} 46. Rc6 {[%emt 0:0:2]} Kf6 {[%emt 0:0:3]} 47. Rc2 {[%emt 0:0:2]
} Nf7 {[%emt 0:0:7]} 48. b5 {[%emt 0:0:1]} Ne5 {[%emt 0:0:0]} 49. Be2 {[%emt 0:0:3]} Ke6 {[%emt 0:0:3]} 50. Rc1 {[%emt 0:0:6]} Kd6 {[%emt 0:0:2]} 51. Rc2 {[%emt 0:0:3]} Kd7 {[%emt 0:0:7]} 52. Rd2+ {[%emt 0:0:1]
} Kc8 {[%emt 0:0:4]} 53. Rc2 {[%emt 0:0:1]} Nd7 {[%emt 0:0:0]} 54. Ra2 {[%emt 0:0:4]} Nc5 {[%emt 0:0:6]} 55. Rc2 {[%emt 0:0:2]} Kd7 {[%emt 0:0:1]} 56. Rd2+ {[%emt 0:0:1]} Ke6 {[%emt 0:0:1]} 57. Bc4+ {[%emt 0:0:2]
} Kf6 {[%emt 0:0:1]} 58. Be2 {[%emt 0:0:1]} Rd7 {[%emt 0:0:0]} 59. Ra2 {[%emt 0:0:3]} Nb7 {[%emt 0:0:6]} 60. Rc2 {[%emt 0:0:4]} Nd6 {[%emt 0:0:1]} 61. Bd3 {[%emt 0:0:3]} Re7 {[%emt 0:0:2]} 62. Be2 {[%emt 0:0:1]
} Ke5 {[%emt 0:0:2]} 63. Bd3 {[%emt 0:0:2]} Kd4 {[%emt 0:0:0]} 64. Be2 {[%emt 0:0:1]} Nb7 {[%emt 0:0:3]} 65. Rd2+ {[%emt 0:0:4]} Kc3 {[%emt 0:0:1]} 66. Rd3+ {[%emt 0:0:1]} Kb4 {[%emt 0:0:2]} 67. Rd4+ {[%emt 0:0:1]
} Ka5 {[%emt 0:0:5]} 68. Rd1 {[%emt 0:0:3]} Nd6 {[%emt 0:0:0]} 69. Ra1+ {[%emt 0:0:1]} Kb4 {[%emt 0:0:1]} 70. Rb1+ {[%emt 0:0:1]} Kc3 {[%emt 0:0:2]} 71. Rc1+ {[%emt 0:0:1]} Kb2 {[%emt 0:0:2]} 72. Rd1 {[%emt 0:0:5]
} Re5 {[%emt 0:0:2]} 73. Rd2+ {[%emt 0:0:1]} Kb3 {[%emt 0:0:0]} 74. Rd3+ {[%emt 0:0:3]} Kb4 {[%emt 0:0:1]} 75. Rd5 {[%emt 0:0:1]} Rxd5 {[%emt 0:0:2]} 0-1